| 000 | 00778nam a22001937a 4500 | ||
|---|---|---|---|
| 005 | 20180618151647.0 | ||
| 010 | _a1718EN-30 B-686576-577 | ||
| 020 |
_a9789382968528 _c850.00 |
||
| 035 | _aB-686576-577 | ||
| 037 |
_bPansy Books _adpl |
||
| 082 | _a333.91395485 | ||
| 100 | _aSurasi Krishna | ||
| 245 |
_aWater resources management: _cby Surasi Krishna _bfunctioning of water users Association / |
||
| 260 |
_aNew Delhi _bAvni Pub. _c2016 |
||
| 270 |
_aRZ-45D, Street No.2, Main Sagarpur, _bNew Delhi _e110046 |
||
| 300 | v |
_a206p. _c23cm(Hb) |
|
| 942 |
_2ddc _cEN _mSUR _h333.91395485 |
||
| 999 |
_c145914 _d145914 |
||